Responses for Show #7002 - Tuesday, February 10, 2015

2015 Teachers Tournament semifinal game 2.

Contestants

[<< previous game]

Eric Hack, a high school Latin teacher from Cape Charles, Virginia

Kate La Rivière-Gagner, a fifth and sixth grade teacher from Starksboro, Vermont

Jennifer Giles, a third grade teacher from Longmont, Colorado

[next game >>]

Jeopardy! Round responses

WINDOW TO THE WORLD
FOOD & DRINK
PREFIXES
THE NAME OF THE BOARD GAME
CELEBRITY SIBLINGS
AMERICAN HISTOR-"E"
    $200 6
the Leaning Tower of Pisa

Jennifer
    $200 1
a pineapple

Eric
    $200 26
milli-

Jennifer
    $200 21
Operation

Jennifer
    $200 16
the Olsen twins

Kate
    $200 11
the Emancipation Proclamation

Eric
    $400 7
Jerusalem

Eric
    $400 2
ham

Jennifer
    $400 27
inter-

Kate
    $400 22
Battleship

Eric
    $400 17
Ben Affleck

Kate
    $400 14
E pluribus unum

Kate
    $600 8
(Alex: Running of the bulls, yes.)

Pamplona

Eric
    $600 3
Hansen's

Jennifer
    $600 28
postmortem

Jennifer
    $600 25
Monopoly

Eric
    $600 18
(Jennifer: Who are, uh, Jake--who are [*]?)
(Alex: Ha-ha! Good for you, we'll take that.)

the Gyllenhaals

Jennifer
    $600 15
Ellis Island

Jennifer
    $800 9
(Eric: What is St. Petersburg?)
(Kate: What's Moscow?)
(Alex: No. Jennifer's not going to try to ring in. Oh, she is?)
(Jennifer: What is Prague?)
(Alex: No, you're all in the wrong part of the world. That's [*], Canada's second-largest city.)

Montreal

JenniferKateEric
Triple Stumper
    $800 4
mussels

Kate
    $800 29
the throat

Jennifer
    $800 24
Twister

Jennifer
    $800 19
(Derek & Julianne) Hough

Eric
    $1,000 13
(Eric: I don't know.)

the Erie Canal

Eric
    $1000 10
Table Mountain

Jennifer
    $1000 5
a shiitake

Kate
    $1000 30
acro-

Jennifer
    $1000 23
Checkers

Eric
    $1000 20
Rooney & Kate

Kate
    $1000 12
(Alex: And the "E" this time comes up in [*].)

the Embargo Act

Triple Stumper

Scores at the first commercial break (after clue 15):

Jennifer Kate Eric
$2,000 $1,400 -$400

Scores at the end of the Jeopardy! Round:

Jennifer Kate Eric
$6,200 $3,400 $2,400

Double Jeopardy! Round responses

CHEMICAL ELEMENT PAIRS
FEMALE AUTHORS
BACK PACS
CLASSICAL MUSIC
MOVIE NARRATORS
(Alex: Name the actor for us.)
ENDS WITH 2 VOWELS
    $400 1
iron & oxygen

Jennifer
    $400 21
(Louisa May) Alcott

Eric
    $400 26
(Eric: Uh, who is Truman?)
(Kate: Who--who is Eisenhower?)

Franklin Delano Roosevelt

KateEric
Triple Stumper
    $400 6
The Messiah

Jennifer
    $400 16
Robert De Niro

Eric
    $400 11
unique

Kate
    $800 2
neptunium & plutonium

Triple Stumper
    $800 22
(Eric: What is children's literature?)

romance

KateEric
    $800 27
(Kate: What's the Federal Elections Commission?)

Federal Election Commission

KateEric
    $800 7
(Eric: What is [*] ["AY-duh"]? A-I-D-A? I don't know how to pronounce it.)
(Alex: [*], [*] ["eye-EE-duh"].)
(Eric: Got it.)
(Alex: That's all right.)

Aida

Eric
    $800 17
Kevin Spacey

Jennifer
    $800 12
Taboo

Jennifer
    $1200 3
(Eric: What are osmium and iradium?)

osmium & iridium

JenniferEric
    $1200 23
The Princess Diaries

Eric
    $1200 28
a super PAC

Kate
    $500 8
(Alex: Eric? ... Nothing?)
(Eric: I don't know.)
(Alex: What is [*]. "The Great Wave", [*]. The sea.)

La mer

Eric
    $1200 18
Morgan Freeman

Eric
    $1200 13
oboe

Jennifer
    $2,000 4
(Jennifer: What are radium and curium?)

radium & polonium

Jennifer
    $1600 24
Dublin

Kate
    $1600 29
(Kate: What's Donors Choose?)

crowdfunded

Kate
Triple Stumper
    $1600 9
"Brahms' Lullaby"

Jennifer
    $1600 19
Ray Liotta

Jennifer
    $1600 14
a manatee

Eric
    $2000 5
lithium & beryllium

Triple Stumper
    $2000 25
Amy Tan

Kate
    $2000 30
(Karl) Rove

Eric
    $2000 10
(Eric: Uh, who is Irving Berlin?)

Leonard Bernstein

Eric
Triple Stumper
    $2000 20
(Alex: [*], yes, reading the story.)

Peter Falk

Jennifer
    $2000 15
Mantua

Triple Stumper

Scores at the end of the Double Jeopardy! Round:

Jennifer Kate Eric
$14,200 $6,600 $5,900
(lock game)

[wagering suggestions for these scores]

Final Jeopardy! Round responses

BROADWAY MUSICALS
EricWhat is Billy Elliot
$0
KateWhat is Rock of Ages?
$6,600
JenniferWhat is Jersey Boys?
$200
Jersey Boys

Final scores:

Jennifer Kate Eric
$14,400 $0 $5,900
Finalist 3rd place: $10,000 2nd place: $10,000

Game dynamics:

Coryat scores:

Jennifer Kate Eric
$16,200 $6,600 $7,400
21 R,
2 W
(including 1 DD)
12 R,
4 W
16 R,
7 W
(including 2 DDs)

Combined Coryat: $30,200

[game clues] [game scores] [suggest correction]

Game tape date: Unknown
The J! Archive is created by fans, for fans. Scraping, republication, monetization, and malicious use prohibited; this site may use cookies and collect identifying information. See terms. The Jeopardy! game show and all elements thereof, including but not limited to copyright and trademark thereto, are the property of Jeopardy Productions, Inc. and are protected under law. This website is not affiliated with, sponsored by, or operated by Jeopardy Productions, Inc. Join the discussion at JBoard.tv.